000 00515nam a2200181Ia 4500
008 100921s9999 xx 000 0 und d
082 _b16926
_a891.463 थ 81
100 _aजोगळेकर चंद्रप्रभा.
245 _aस्कायलॅब.
260 _b---
_c1981
300 _a287
_b---
365 _b35
520 _aललित-कथा.
630 _aस्कायलॅब.
650 _aललित-कथा.
730 _aस्कायलॅब.
942 _cBOOK
999 _c766039
_d766036